Deutsche Songs mit Zahlen im Titel - Statistiken

Allgemein
  • Dieses Quiz wurde 2.668 mal gespielt
  • Das Durchschnittsergebnis liegt bei 15 aus 22
Antwortstatistiken
Interpret Songtitel % Korrekt
Nena {99} Luftballons
100%
Die Fantastischen Vier {Vier} gewinnt
96%
Die Toten Hosen {Zehn} kleine Jägermeister
93%
Stephan Remmler Alles hat ein Ende nur die Wurst hat {zwei}
90%
Wanda 1, 2, 3, {4}
89%
Karat Über {sieben} Brücken musst du gehen
85%
Hans Albers Auf der Reeperbahn nachts um halb {eins}
83%
Max Giesinger {80} Millionen
82%
Reinhard Mey Ankomme Freitag den {13}.
79%
2raumwohnung {36} Grad
70%
Sportfreunde Stiller 54, 74, {90}, 2006
69%
Udo Jürgens {Siebzehn} Jahr, blondes Haar
66%
Mark Forster {194} Länder
65%
Udo Jürgens Mit {66} Jahren
61%
Klaus Lage {1001} Nacht
57%
Roland Kaiser {Sieben} Fässer Wein
55%
Chris Roberts Du kannst nicht immer {17} sein
54%
Sido {Tausend} Tattoos
52%
Bots {Sieben} Tage lang
42%
Fortuna Ehrenfeld {Zwei} Himmel
29%
Marius Müller-Westernhagen Mit {18}
27%
Beatsteaks {48}/49
21%
Keine übereinstimmenden Quizze gefunden
Verteilung der Resultate
Anzahl Personen mit jedem Resultat
Perzentil nach korrekt beantworteten Fragen
Ihre Resultats-Entwicklung
Sie haben dieses Quiz noch nicht gespielt